Cat's in the Cradle - Harry Chapin (All Lyrics) - Statistics

General Stats
  • This quiz has been taken 77 times
    67 since last reset
  • The average score is 369 of 438
Answer Stats
Lyric % Correct
a
100%
cat's
100%
cats
100%
cradle
100%
I
100%
in
100%
the
100%
and
98%
And
98%
man
98%
moon
98%
silver
98%
spoon
98%
to
98%
be
95%
just
95%
little
95%
so
95%
you
95%
You
95%
boy
93%
dad
93%
do
93%
like
93%
when
93%
When
93%
day
88%
don't
88%
have
88%
know
88%
me
88%
son
88%
then
88%
time
88%
but
85%
gonna
85%
he
85%
He
85%
home
85%
I'm
85%
My
85%
my
85%
on
85%
other
85%
coming
83%
good
83%
we'll
83%
Well
83%
came
80%
for
80%
together
80%
was
80%
way
80%
can
78%
play
78%
said
78%
usual
78%
world
78%
ball
76%
blue
76%
car
76%
it
76%
as
73%
away
73%
child
73%
get
73%
keys
73%
of
73%
were
73%
we're
73%
while
73%
while?
73%
catch
71%
come
71%
got
71%
his
71%
much
71%
not
71%
smile
71%
talking
71%
there
71%
walk
71%
with
71%
had
68%
let's
68%
proud
68%
say
68%
see
68%
up
68%
bills
66%
flu
66%
head
66%
I'd
66%
kids
66%
knew
66%
learned
66%
college
63%
fore
63%
him
63%
it's
63%
It's
63%
nice
63%
okay
63%
pay
63%
sit
63%
thanks
63%
that's
63%
throw
63%
arrived
61%
grown
61%
love
61%
phone
61%
planes
61%
teach
61%
turned
61%
called
59%
find
59%
from
59%
grew
59%
hung
59%
if
59%
is
59%
shook
59%
ten
59%
them
59%
borrow
56%
mind
56%
new
56%
please?
56%
really
56%
today
56%
walked
56%
been
54%
he'd
54%
job's
54%
lot
54%
occurred
54%
what
54%
later
51%
yeah
51%
moved
49%
sure
49%
hassle
46%
I've
41%
never
41%
son's
41%
since
39%
retired
37%
long
32%
dimmed
17%
No matching quizzes found
Score Distribution
Percent of People with Each Score
Percentile by Number Answered
Your Score History
You have not taken this quiz since the last reset